000 00464 a2200169 4500
005 20250604140243.0
020 _a0-273-65557-4
082 _aTEA LECT 657 WOO
100 _aWOOD'S, F.
245 _aBusiness Accounting 2
250 _a9th Ed.
260 _aNew York,
_bPrentice Hall,
_c2002.
300 _axvii, 758p.: table
_bGlossary & Index
_c24cm
700 _aSANGSTER, A.
856 _yAccess Online Book
_fAccounting
_dwww.pearsoned.co.uk
942 _2ddc
_cBKS
999 _c3150
_d3150